Učitavanje...

Management of systems and utilisation pattern of captive male elephants in kerala

Bibliografski detalji
Glavni autori: A.S Dr.Anil, Joseph Cijo K.
Format: Ph.D Thesis
Jezik:Undetermined
Izdano: 2004
Izdanje:MVSc
Teme:
LEADER 00702nam a2200229Ia 4500
008 141122s9999 xx 000 0 und d
040 |c . 
041 |a English 
082 |a 636.083 
082 |b CIJ/MA 
100 |a A.S Dr.Anil 
100 |a Joseph Cijo K. 
245 |a Management of systems and utilisation pattern of captive male elephants in kerala 
245 |c Joseph Cijo K. 
250 |a MVSc  
260 |c 2004 
500 |a Reference 
650 |a  Livestock Production Management 
650 |a MVSc 
942 |c TH 
999 |c 9968  |d 9968 
952 |0 0  |1 0  |4 0  |6 636_083000000000000_CIJMA  |7 0  |9 9926  |a COVAS  |b COVAS  |d 0000-00-00  |o 636.083 CIJ/MA  |p TH813   |r 2014-11-26  |w 2014-11-26  |y TH